000 00551 a2200217 4500
005 20260417114936.0
008 260416b |||||||| |||| 00| 0 eng d
020 _a9788177582796
_cRs. 1490.00
040 _aMAIN
082 _a539
_bB735P(2)
100 _aBransden, B H
245 _aPhysics of atoms and molecules
250 _a2nd
260 _bPearson India Education Services
_aNoida
_c2026
300 _axiv, 1114
650 _aPhysics
650 _aElectrons
650 _aQuantum Mechanics
700 _aJoachain, C J
942 _cBK
999 _c396413
_d396413